Aplikácia benchmarkingu v hodnotení ľudských zdrojov

Podrobná bibliografia
Hlavný autor: Kuchárová Mačkayová, Veronika, 1975- (Autor)
Médium: Článok
Jazyk:slovenčina
Fyzický popis:Tab.
ISSN:1335-5961
Predmet:

MARC

LEADER 00000nab a2200000 a 4500
001 vtls000889933
003 SK-MaSNL
005 20260304121745.0
008 250429c2004 xo zr|p|||||||000 b|slo
015 |a SNBRx2004/11  |2 snkbucl 
035 |a (uuid)ed998109-5b62-47c0-ace3-451e4693f1a0 
035 |a urn:nbn:sk:snk-abafb0 
035 |a (urnnbn)urn:nbn:sk:snk:ar-a0aedx 
038 |a SNKBUCL 
040 |a SNKBUCL  |b slo  |c SNKBUCL  |e AACR2 
041 0 |a slo 
044 |a xo  |c SK 
080 |a 658.3.012.12  |2 1997 
080 |a 658.012.12  |2 1997 
100 1 |a Kuchárová Mačkayová, Veronika,  |d 1975-  |4 aut  |9 321920 
245 1 0 |a Aplikácia benchmarkingu v hodnotení ľudských zdrojov  |c Veronika Kuchárová Mačkayová 
300 |b Tab. 
650 0 7 |a ľudské zdroje  |2 snkbucl  |9 1746 
650 0 7 |a benchmarking  |2 snkbucl  |9 926 
773 0 |t Produktivita  |g Č. 4 (2004), s. 4-5  |x 1335-5961 
850 |a Slovenská národná knižnica 
852 |a Slovenská národná knižnica 
954 |a odborná, vedecká literatúra pôvodná (slovenská)  |2 lita 
958 |a article14 
958 |a OND 
958 |a EUIPO 
999 |c 2886839  |d 2888769